[Event "V Open Capo d'Orso"]
[Site "Portomannu - Palau ITA"]
[Date "2013.06.01"]
[Round "1"]
[White "Andreoni, Giuseppe"]
[Black "Bonafede, Alessandro"]
[WhiteElo "2102"]
[BlackElo "2353"]
[Result "0-1"]
[PlyCount "84"]
[EventDate "2013.06.01"]

1. e4 g6 2. d4 Bg7 3. Nf3 c6 4. c3 d6 5. Bd3 Nf6 6. O-O O-O 7. h3 Nbd7 8. Be3
e5 9. Nbd2 Qc7 10. Re1 Re8 11. Qc2 a5 12. a4 b6 13. Rad1 Bb7 14. Bf1 Rad8 15.
Nc4 exd4 16. Bf4 Ne5 17. Nxd4 Rd7 18. f3 Qd8 19. Qb3 Nxc4 20. Bxc4 d5 21. exd5
Rxe1+ 22. Rxe1 Nxd5 23. Bg3 h5 24. Nc2 Qg5 25. Bxd5 Qxg3 26. Bxf7+ Kh7 27. Qe6
Rd2 28. Re2 Rxe2 29. Qxe2 Be5 30. Qe4 Bd6 31. Bc4 h4 32. Qg4 Bc5+ 33. Nd4 Qe1+
34. Kh2 Bd6+ 35. f4 Bc8 36. Be6 Qf2 37. Nf3 Bxe6 38. Ng5+ Kg7 39. Nxe6+ Kf6 40.
Qg5+ Kxe6 41. Qxg6+ Kd7 42. Qg7+ Kc8 0-1

[Event "V Open Capo d'Orso"]
[Site "Portomannu - Palau ITA"]
[Date "2013.06.01"]
[Round "1"]
[White "Danieli, Enrico"]
[Black "Lanzani, Mario"]
[WhiteElo "2093"]
[BlackElo "2303"]
[Result "0-1"]
[PlyCount "71"]
[EventDate "2013.06.01"]

1. Nc3 d5 2. e4 dxe4 3. Nxe4 Nd7 4. Nf3 Ngf6 5. Ng3 c5 6. d4 e6 7. c3 Be7 8.
Bd3 O-O 9. O-O b6 10. Qe2 Bb7 11. Re1 Qc7 12. Bg5 h6 13. Bd2 Rac8 14. Rad1 Bd5
15. Ne5 cxd4 16. cxd4 a5 17. Bf4 Qa7 18. Qe3 Nxe5 19. dxe5 Bc5 20. Qe2 Ne8 21.
Bxh6 gxh6 22. Qg4+ Kh8 23. Qh4 f5 24. Qxh6+ Kg8 25. Nh5 Qh7 26. Qg5+ Kh8 27.
Ng3 Rg8 28. Qf4 Ng7 29. Be2 Bb4 30. Rf1 Rc2 31. a3 Be7 32. Qa4 Rxb2 33. Qd7
Bxa3 34. Rd3 Bc5 35. Bf3 Bc4 36. Rfd1 0-1

[Event "V Open Capo d'Orso"]
[Site "Portomannu - Palau ITA"]
[Date "2013.06.01"]
[Round "1"]
[White "Esposito, Luca"]
[Black "Valet, Richard"]
[WhiteElo "2297"]
[BlackElo "2068"]
[Result "1-0"]
[PlyCount "51"]
[EventDate "2013.06.01"]

1. d4 Nf6 2. c4 g6 3. Nc3 Bg7 4. g3 d6 5. Bg2 O-O 6. Nf3 c5 7. O-O Nc6 8. dxc5
dxc5 9. Bf4 Be6 10. Ne5 Nh5 11. Nxc6 bxc6 12. Bd2 Bxc4 13. Bxc6 Rb8 14. b3 Ba6
15. Rb1 Bb7 16. Bxb7 Rxb7 17. Qc2 Qd4 18. Ne4 Rc8 19. Be3 Qe5 20. Nxc5 Rbc7 21.
b4 f5 22. Qb3+ Kh8 23. Rbc1 a5 24. bxa5 f4 25. Nd3 Qxa5 26. Bb6 1-0

[Event "V Open Capo d'Orso"]
[Site "Portomannu - Palau ITA"]
[Date "2013.06.01"]
[Round "1"]
[White "Hoenick, Andreas"]
[Black "Libiszewski, Fabien"]
[WhiteElo "2152"]
[BlackElo "2520"]
[Result "0-1"]
[PlyCount "102"]
[EventDate "2013.06.01"]

1. d4 Nf6 2. c4 g6 3. g3 Bg7 4. Bg2 O-O 5. Nc3 d6 6. Nf3 Nc6 7. O-O Bf5 8. d5
Na5 9. Nd4 Bd7 10. b3 c5 11. dxc6 bxc6 12. Bb2 Rb8 13. Rb1 Qc8 14. e4 Rd8 15.
Qd2 Nb7 16. Rfd1 e5 17. Nde2 Bh3 18. f3 Be6 19. Rbc1 Qc7 20. Kh1 Nc5 21. Nb1 h5
22. Bc3 Qe7 23. Ba5 Rd7 24. b4 Nb7 25. b5 Nxa5 26. Qxa5 Bh6 27. bxc6 Rc7 28. c5
d5 29. f4 Nxe4 30. Rf1 Rxc6 31. Nbc3 Rxc5 32. Qa3 Rbc8 33. Nxe4 dxe4 34. Bxe4
exf4 35. Rxc5 Rxc5 36. Nxf4 Bc4 37. Re1 Re5 38. Qf3 Bxa2 39. Ra1 Rxe4 40. Rxa2
Bxf4 41. gxf4 Qb4 42. Rf2 a5 43. f5 Qe1+ 44. Kg2 Rg4+ 45. Kh3 g5 46. Qa8+ Kg7
47. f6+ Kh7 48. Qd5 Kg6 49. Qf5+ Kh6 50. Qc5 Qe8 51. Rf3 Qb8 0-1

[Event "V Open Capo d'Orso"]
[Site "Portomannu - Palau ITA"]
[Date "2013.06.01"]
[Round "1"]
[White "Kyas, Juergen"]
[Black "Simoncini, Francesco"]
[WhiteElo "2198"]
[BlackElo "2020"]
[Result "1-0"]
[PlyCount "67"]
[EventDate "2013.06.01"]

1. e4 e6 2. d4 d5 3. Nd2 Nf6 4. e5 Nfd7 5. Bd3 c5 6. c3 Nc6 7. Ne2 cxd4 8. cxd4
f6 9. exf6 Nxf6 10. Nf3 Bd6 11. O-O Qc7 12. Nc3 a6 13. Be3 O-O 14. Rc1 Bd7 15.
h3 h6 16. Re1 Be8 17. Ne5 Bxe5 18. dxe5 Nh5 19. Bc5 Ne7 20. Ne2 Qd8 21. Qd2 g5
22. h4 Nf4 23. hxg5 hxg5 24. Nxf4 gxf4 25. Qd1 f3 26. Qd2 Rf7 27. Qh6 Bd7 28.
Re3 Nf5 29. Bxf5 exf5 30. Rxf3 Rh7 31. Rg3+ Kh8 32. Qd6 Rh4 33. e6 Bc6 34. Qe5+
1-0

[Event "V Open Capo d'Orso"]
[Site "Portomannu - Palau ITA"]
[Date "2013.06.01"]
[Round "1"]
[White "L'Ami, Alina"]
[Black "Nohr, Finn"]
[WhiteElo "2345"]
[BlackElo "2100"]
[Result "1-0"]
[PlyCount "37"]
[EventDate "2013.06.01"]

1. d4 d5 2. c4 c6 3. Nf3 Nf6 4. Nc3 e6 5. Bg5 h6 6. Bh4 g5 7. Bg3 dxc4 8. e3 b5
9. Be2 Bb7 10. h4 g4 11. Ne5 h5 12. f3 Bh6 13. fxg4 hxg4 14. Nxg4 Nxg4 15. Bxg4
Qa5 16. Be5 O-O 17. Bxe6 fxe6 18. Qg4+ Kh7 19. h5 1-0

[Event "V Open Capo d'Orso"]
[Site "Portomannu - Palau ITA"]
[Date "2013.06.01"]
[Round "1"]
[White "Loeffler, Stefan"]
[Black "Cardili, Mariano"]
[WhiteElo "2425"]
[BlackElo "2131"]
[Result "1-0"]
[PlyCount "49"]
[EventDate "2013.06.01"]

1. d4 d5 2. Bf4 Nf6 3. e3 c6 4. c4 Bf5 5. Nc3 e6 6. Qb3 Qb6 7. c5 Qxb3 8. axb3
Nbd7 9. b4 Be7 10. f3 O-O 11. g4 Bg6 12. b5 Nb8 13. Kd2 Nfd7 14. b4 a6 15. Ra4
cxb5 16. Bxb5 Nc6 17. Bxc6 bxc6 18. Nge2 f6 19. Rha1 e5 20. Bg3 Nb8 21. f4 exf4
22. Nxf4 Rc8 23. Nxg6 hxg6 24. b5 cxb5 25. Nxb5 1-0

[Event "V Open Capo d'Orso"]
[Site "Portomannu - Palau ITA"]
[Date "2013.06.01"]
[Round "1"]
[White "Marin, Mihail"]
[Black "Pantaleoni, Claudio"]
[WhiteElo "2549"]
[BlackElo "2156"]
[Result "1-0"]
[PlyCount "79"]
[EventDate "2013.06.01"]

1. d4 Nf6 2. c4 e6 3. Nc3 Bb4 4. e3 O-O 5. Bd3 d5 6. Nf3 dxc4 7. Bxc4 c5 8. O-O
Nc6 9. a3 Bxc3 10. bxc3 Qc7 11. Bd3 e5 12. Qc2 Re8 13. Nxe5 Nxe5 14. dxe5 Qxe5
15. f3 Bd7 16. a4 Bc6 17. Re1 Rad8 18. Bf1 h5 19. e4 h4 20. Be3 Qh5 21. Qf2 Nd7
22. h3 b6 23. a5 Qe5 24. Ra3 Qe7 25. c4 Rb8 26. Bf4 Ne5 27. Rb1 g5 28. Bd2 f6
29. axb6 axb6 30. Rab3 Qc7 31. f4 Nf7 32. e5 fxe5 33. fxg5 Qd6 34. g6 Nd8 35.
Kh1 Qe7 36. Bh6 e4 37. Be2 Ne6 38. Rxb6 Rxb6 39. Rxb6 Nd4 40. Bh5 1-0

[Event "V Open Capo d'Orso"]
[Site "Portomannu - Palau ITA"]
[Date "2013.06.01"]
[Round "1"]
[White "Neri, Enzo"]
[Black "Caoili, Arianne"]
[WhiteElo "2052"]
[BlackElo "2219"]
[Result "0-1"]
[PlyCount "106"]
[EventDate "2013.06.01"]

1. d4 Nf6 2. c4 c5 3. d5 e5 4. Nc3 d6 5. e4 Nbd7 6. Be2 Be7 7. Be3 O-O 8. g4
Ne8 9. Qd2 Ndf6 10. h3 Kh8 11. Bd3 a6 12. Nge2 g6 13. Ng3 Ng7 14. f3 h5 15.
O-O-O h4 16. Nge2 Nh7 17. f4 exf4 18. Nxf4 Bf6 19. Ng2 b5 20. Kb1 bxc4 21. Bxc4
Rb8 22. Rde1 Ng5 23. Bxg5 Bxg5 24. Qf2 Bf6 25. Nd1 g5 26. Rhf1 Bd4 27. Qc2 Ne8
28. Rf3 Nf6 29. Nge3 Nd7 30. Nf5 Be5 31. Rb3 Nb6 32. Rf3 a5 33. Ref1 Bxf5 34.
Rxf5 f6 35. R5f3 Qe7 36. Re1 Qb7 37. Re2 Qd7 38. Kc1 Qe7 39. Qd3 a4 40. Ne3 Qa7
41. Rc2 Nc8 42. Nf5 Qb6 43. Rff2 Qb4 44. Kd1 Re8 45. Qd2 Qb6 46. Nxh4 Bd4 47.
Rf3 Ne7 48. Nf5 Nxf5 49. exf5 Bxb2 50. Bb3 Ba3 51. Qc3 Re5 52. Bc4 Qb1+ 53. Kd2
Bb4 0-1

[Event "V Open Capo d'Orso"]
[Site "Portomannu - Palau ITA"]
[Date "2013.06.01"]
[Round "1"]
[White "Puzko, Danila"]
[Black "Vallifuoco, Giovanni"]
[WhiteElo "2018"]
[BlackElo "2177"]
[Result "1/2-1/2"]
[PlyCount "80"]
[EventDate "2013.06.01"]

1. e4 c5 2. c3 d5 3. exd5 Qxd5 4. d4 e6 5. Nf3 Nf6 6. Be2 Be7 7. O-O cxd4 8.
cxd4 Nc6 9. Nc3 Qd6 10. Bg5 O-O 11. Qd2 b6 12. Bf4 Qd8 13. Rfd1 Bb7 14. Rac1
Nb4 15. Bg3 Nbd5 16. Ne5 Bb4 17. Bd3 Rc8 18. a3 Nxc3 19. bxc3 Qd5 20. Nf3 Bxa3
21. Ra1 Qb3 22. c4 Be4 23. Qe2 Qb2 24. Qe3 Bxd3 25. Qxd3 Bb4 26. Bd6 Bxd6 27.
Rdb1 Qxb1+ 28. Rxb1 Rc7 29. g3 Rfc8 30. Rc1 a5 31. Qb3 Bb4 32. Kg2 b5 33. c5
Nd5 34. Ne5 a4 35. Qb2 Rb8 36. Nd3 Ba5 37. Ne5 Bb4 38. Nd3 Ba5 39. Ne5 Bb4 40.
Nd3 Ba5 1/2-1/2

[Event "V Open Capo d'Orso"]
[Site "Portomannu - Palau ITA"]
[Date "2013.06.01"]
[Round "1"]
[White "Rombaldoni, Axel"]
[Black "Ryzhkov, Vjacheslav"]
[WhiteElo "2484"]
[BlackElo "2147"]
[Result "1-0"]
[PlyCount "49"]
[EventDate "2013.06.01"]

1. e4 e6 2. d4 d5 3. Nc3 Nf6 4. e5 Nfd7 5. f4 c5 6. Nf3 Nc6 7. Be3 a6 8. Qd2 b5
9. Be2 Qb6 10. Nd1 cxd4 11. Nxd4 Nxd4 12. Bxd4 Bc5 13. c3 b4 14. Ne3 a5 15. O-O
O-O 16. f5 Nxe5 17. f6 Bxd4 18. cxd4 Nc6 19. Nc2 h6 20. Rf3 Nxd4 21. Qxd4 Qxd4+
22. Nxd4 g6 23. Rc1 Ba6 24. Bxa6 Rxa6 25. Rc7 1-0

[Event "V Open Capo d'Orso"]
[Site "Portomannu - Palau ITA"]
[Date "2013.06.01"]
[Round "1"]
[White "Sprotte, Norbert"]
[Black "Tischbierek, Raj"]
[WhiteElo "2144"]
[BlackElo "2426"]
[Result "0-1"]
[PlyCount "76"]
[EventDate "2013.06.01"]

1. d4 d6 2. Nf3 Bg4 3. Qd3 c6 4. g3 Nd7 5. Bg2 e5 6. c4 Be7 7. Nc3 Ngf6 8. O-O
O-O 9. b3 Re8 10. Bb2 Bf8 11. h3 Bh5 12. Nh4 exd4 13. Qxd4 Bxe2 14. Rfe1 Bh5
15. Rxe8 Nxe8 16. Ne4 Bg6 17. Nxg6 hxg6 18. Rd1 Qa5 19. a3 Qb6 20. Qc3 Nc5 21.
Nxc5 Qxc5 22. b4 Qb6 23. a4 a6 24. a5 Qc7 25. Bc1 Nf6 26. Bf4 Re8 27. c5 Re6
28. h4 Nh5 29. cxd6 Bxd6 30. Bxd6 Rxd6 31. Rxd6 Qxd6 32. Qc4 Nf6 33. Bf3 Nd7
34. Qc3 Kf8 35. Bg2 Ne5 36. Be4 f5 37. Bc2 Qd4 38. Qb3 Ke7 0-1

[Event "V Open Capo d'Orso"]
[Site "Portomannu - Palau ITA"]
[Date "2013.06.02"]
[Round "2"]
[White "Bonafede, Alessandro"]
[Black "Grinblat, Artemiy"]
[WhiteElo "2353"]
[BlackElo "2004"]
[Result "1/2-1/2"]
[PlyCount "109"]
[EventDate "2013.06.01"]

1. e4 e6 2. Qe2 c5 3. Nf3 Nc6 4. g3 g6 5. Bg2 Bg7 6. O-O Nge7 7. c3 d6 8. Rd1
e5 9. Na3 O-O 10. Nc2 Qc7 11. d4 exd4 12. cxd4 Bg4 13. Be3 cxd4 14. Ncxd4 Nxd4
15. Bxd4 Bxd4 16. Rxd4 Nc6 17. Rd2 Ne5 18. Qe3 Bxf3 19. Bxf3 Qc5 20. Qxc5 dxc5
21. Bg2 Rfd8 22. Rad1 Nc6 23. Rxd8+ Rxd8 24. Rxd8+ Nxd8 25. e5 Kf8 26. Kf1 Ke7
27. Ke2 Ke6 28. f4 g5 29. Ke3 gxf4+ 30. gxf4 b6 31. a3 f6 32. Bh3+ Ke7 33. Ke4
fxe5 34. fxe5 Ne6 35. Bf5 h6 36. Kd5 Nd4 37. Bg4 Nc2 38. Kc6 Ne3 39. Be2 Ke6
40. Kb7 Kxe5 41. Kxa7 Nd5 42. Bf3 b5 43. Be2 b4 44. a4 Kd4 45. b3 Nc3 46. Bh5
c4 47. Bf7 Nd5 48. bxc4 Kxc4 49. Kb7 Kc5 50. a5 b3 51. a6 b2 52. Bg6 Ne7 53.
Bb1 Nc6 54. a7 Nxa7 55. Kxa7 1/2-1/2

[Event "V Open Capo d'Orso"]
[Site "Portomannu - Palau ITA"]
[Date "2013.06.02"]
[Round "2"]
[White "Caoili, Arianne"]
[Black "Loeffler, Stefan"]
[WhiteElo "2219"]
[BlackElo "2425"]
[Result "1-0"]
[PlyCount "69"]
[EventDate "2013.06.01"]

1. Nf3 g6 2. c4 Bg7 3. g3 c5 4. d4 cxd4 5. Nxd4 Qb6 6. e3 Nc6 7. Nb3 d6 8. e4
Nf6 9. Be3 Qd8 10. f3 O-O 11. Nc3 Re8 12. Rc1 e6 13. Nd4 d5 14. Nxc6 bxc6 15.
e5 Nd7 16. f4 f6 17. cxd5 exd5 18. Nxd5 fxe5 19. f5 Bb7 20. Nc3 Nb6 21. Qb3+
Kh8 22. fxg6 c5 23. Rg1 c4 24. Bxc4 Nxc4 25. Qxc4 Rc8 26. Qh4 Qxh4 27. gxh4 Rc4
28. h5 Rh4 29. Nb5 Bf8 30. g7+ Bxg7 31. Nd6 Rh3 32. Bd2 Rf8 33. Nxb7 Rxh2 34.
Nd6 Rxh5 35. Rc7 1-0

[Event "V Open Capo d'Orso"]
[Site "Portomannu - Palau ITA"]
[Date "2013.06.02"]
[Round "2"]
[White "Diotallevi, Maurizio"]
[Black "Puzko, Danila"]
[WhiteElo "2007"]
[BlackElo "2018"]
[Result "1/2-1/2"]
[PlyCount "83"]
[EventDate "2013.06.01"]

1. d4 c5 2. e3 Nf6 3. Nf3 e6 4. Bd3 cxd4 5. exd4 Be7 6. O-O O-O 7. c3 b6 8. Qe2
Bb7 9. Bf4 d6 10. h3 Nbd7 11. Nbd2 Re8 12. Rfe1 Qc7 13. Rad1 Rad8 14. Ne4 Qb8
15. Nxf6+ Nxf6 16. Bb5 Nd7 17. Ng5 Bxg5 18. Bxg5 f6 19. Bf4 Re7 20. Qg4 Nf8 21.
Bc4 Qc8 22. Bb3 d5 23. Qg3 Qd7 24. Bc2 Bc6 25. Rd2 Bb5 26. Bb1 a5 27. Rdd1 Ba6
28. h4 Qc6 29. Re3 b5 30. Rde1 b4 31. Qg4 Bc8 32. Qe2 Qb6 33. Qd2 Rb7 34. cxb4
Qxb4 35. R3e2 Bd7 36. Qxb4 Rxb4 37. Bd2 Rxb2 38. Bxa5 Rxe2 39. Rxe2 Rc8 40. Re1
Ng6 41. Bxg6 hxg6 42. a3 1/2-1/2

[Event "V Open Capo d'Orso"]
[Site "Portomannu - Palau ITA"]
[Date "2013.06.02"]
[Round "2"]
[White "L'Ami, Alina"]
[Black "Marin, Mihail"]
[WhiteElo "2345"]
[BlackElo "2549"]
[Result "1/2-1/2"]
[PlyCount "176"]
[EventDate "2013.06.01"]

1. d4 e6 2. c4 b6 3. e4 Bb7 4. Nc3 Bb4 5. Bd3 f5 6. d5 fxe4 7. Bxe4 Nf6 8. Bf3
Bxc3+ 9. bxc3 O-O 10. Ne2 e5 11. Ng3 d6 12. O-O Nbd7 13. Bg5 Qe8 14. Qc2 Nc5
15. Rae1 Qa4 16. Qxa4 Nxa4 17. Rc1 h6 18. Bxf6 Rxf6 19. Ne4 Rf4 20. Nd2 Raf8
21. Be4 Nb2 22. g3 R4f6 23. Rc2 Na4 24. f3 Nc5 25. Rcc1 Rc8 26. Nb3 Na4 27. Nd2
Ba6 28. Bd3 Nc5 29. Be4 c6 30. Rfd1 Bb7 31. Kf2 cxd5 32. cxd5 Ba6 33. Ke3 Na4
34. c4 Nb2 35. Re1 Nxc4+ 36. Nxc4 Rxc4 37. Rxc4 Bxc4 38. Rc1 b5 39. a4 a6 40.
axb5 Bxb5 41. Rc8+ Rf8 42. Bh7+ Kf7 43. Rc7+ Kf6 44. Bd3 Rf7 45. Rc8 Rb7 46.
Rf8+ Ke7 47. Rg8 Kf7 48. Rd8 Rb6 49. h4 g6 50. Ra8 Bxd3 51. Kxd3 h5 52. Kc4 Rb5
53. Rxa6 Rc5+ 54. Kd3 Rxd5+ 55. Ke3 Ke6 56. Ra8 Rb5 57. Rg8 Rb3+ 58. Ke2 Kf7
59. Rd8 Rb6 60. Rd7+ Ke6 61. Rg7 Kf6 62. Rd7 Rb2+ 63. Ke3 Rb3+ 64. Ke2 Rb6 65.
Ke3 Ra6 66. Ke2 Ra2+ 67. Ke3 Ra3+ 68. Ke2 Ra2+ 69. Ke3 Rg2 70. Rxd6+ Kf5 71.
Rd8 Rxg3 72. Rf8+ Ke6 73. Rg8 Kf7 74. Ra8 Rg2 75. Ra6 Rh2 76. Ra4 Kf6 77. Rb4
Kf5 78. Ra4 Rc2 79. Rb4 Ra2 80. Rc4 Ra3+ 81. Kf2 Rd3 82. Rc8 Rd7 83. Rf8+ Ke6
84. Kg3 Ke7 85. Ra8 Rd3 86. Ra7+ Kf6 87. Ra6+ Kf5 88. Ra5 Rd4 1/2-1/2

[Event "V Open Capo d'Orso"]
[Site "Portomannu - Palau ITA"]
[Date "2013.06.02"]
[Round "2"]
[White "Lanzani, Mario"]
[Black "Rombaldoni, Axel"]
[WhiteElo "2303"]
[BlackElo "2484"]
[Result "0-1"]
[PlyCount "92"]
[EventDate "2013.06.01"]

1. d4 Nf6 2. c4 g6 3. Nc3 d5 4. Nf3 Bg7 5. Bf4 O-O 6. e3 c5 7. dxc5 Ne4 8. Be5
Bxe5 9. Nxe5 Nxc3 10. bxc3 Qa5 11. Qb3 Qc7 12. Nd3 dxc4 13. Qxc4 e5 14. Nb4 Be6
15. Nd5 Bxd5 16. Qxd5 Rd8 17. Qc4 Qc6 18. e4 Na6 19. Bd3 Nxc5 20. Bc2 b5 21.
Qe2 Nd3+ 22. Qxd3 Rxd3 23. Bxd3 Qxc3+ 24. Ke2 Rd8 25. Rad1 Kg7 26. Rd2 f5 27.
Rhd1 fxe4 28. Bxb5 Rd4 29. Bd7 Kf6 30. h4 Qc4+ 31. Ke3 Qc3+ 32. Ke2 a6 33. h5
Qc4+ 34. Ke3 Qc3+ 35. Ke2 Ke7 36. hxg6 hxg6 37. Bh3 Qc4+ 38. Ke3 Qc3+ 39. Ke2
a5 40. Bg4 Qc4+ 41. Ke3 Qc3+ 42. Ke2 Qc4+ 43. Ke3 Rd3+ 44. Rxd3 exd3 45. Bf3
Qd4+ 46. Kd2 Kf6 0-1

[Event "V Open Capo d'Orso"]
[Site "Portomannu - Palau ITA"]
[Date "2013.06.02"]
[Round "2"]
[White "Libiszewski, Fabien"]
[Black "Esposito, Luca"]
[WhiteElo "2520"]
[BlackElo "2297"]
[Result "1-0"]
[PlyCount "35"]
[EventDate "2013.06.01"]

1. e4 c5 2. Nc3 Nc6 3. Bb5 Nd4 4. Nf3 e6 5. O-O a6 6. Bd3 Nxf3+ 7. Qxf3 Qc7 8.
b3 Bd6 9. Qh5 Nf6 10. Qh4 Be5 11. f4 Bd4+ 12. Kh1 b5 13. e5 b4 14. Bb2 Bb7 15.
Na4 Qc6 16. Qh3 Ne4 17. Bxe4 Qxe4 18. c3 1-0

[Event "V Open Capo d'Orso"]
[Site "Portomannu - Palau ITA"]
[Date "2013.06.02"]
[Round "2"]
[White "Pantaleoni, Claudio"]
[Black "Murgia, Andrea"]
[WhiteElo "2156"]
[BlackElo "1984"]
[Result "1-0"]
[PlyCount "88"]
[EventDate "2013.06.01"]

1. e4 e5 2. Nf3 Nc6 3. Nc3 Nf6 4. Bb5 Bc5 5. Nxe5 O-O 6. O-O Nd4 7. Be2 Re8 8.
Nd3 Bb6 9. e5 Nxe2+ 10. Nxe2 Ng4 11. h3 Nxe5 12. Nxe5 Rxe5 13. d4 Re4 14. c3 d5
15. Ng3 Rh4 16. Re1 Be6 17. Be3 c6 18. Qd2 h6 19. Bf4 Qd7 20. Re2 Rf8 21. Rae1
Bd8 22. Be5 Bxh3 23. gxh3 Qxh3 24. f3 Bg5 25. f4 Qxg3+ 26. Rg2 Qh3 27. fxg5 Rg4
28. gxh6 Qxg2+ 29. Qxg2 Rxg2+ 30. Kxg2 gxh6 31. Kf3 f6 32. Bf4 Kg7 33. Rg1+ Kh7
34. Rh1 Kg6 35. Rxh6+ Kf5 36. Rh7 Re8 37. Rxb7 Re1 38. Bg3 Rf1+ 39. Bf2 a5 40.
Ra7 Rb1 41. Rxa5 Rxb2 42. a4 Rd2 43. Rc5 Rd3+ 44. Be3 Rd1 1-0

[Event "V Open Capo d'Orso"]
[Site "Portomannu - Palau ITA"]
[Date "2013.06.02"]
[Round "2"]
[White "Ravagnani, Tiziano"]
[Black "Hoenick, Andreas"]
[WhiteElo "1973"]
[BlackElo "2152"]
[Result "0-1"]
[PlyCount "80"]
[EventDate "2013.06.01"]

1. e4 e6 2. d4 d5 3. Nc3 Bb4 4. e5 c5 5. a3 Bxc3+ 6. bxc3 Ne7 7. Qg4 O-O 8. Bd3
f5 9. exf6 Rxf6 10. Bg5 Rf7 11. Nf3 e5 12. Qh4 e4 13. Ne5 Qa5 14. O-O Nf5 15.
Qh5 g6 16. Qh3 Rf8 17. Be2 Nxd4 18. Bg4 Nf5 19. Bxf5 Bxf5 20. g4 Be6 21. Qh6
Qxc3 22. Nxg6 hxg6 23. Qxg6+ Qg7 24. Qxe6+ Qf7 25. Qd6 Nc6 26. Rab1 Nd4 27. f4
exf3 28. Kf2 Rae8 29. Rfe1 Re2+ 30. Kf1 Nxc2 31. Red1 d4 32. Bh6 Rfe8 33. Rxb7
R2e7 34. Rxe7 Rxe7 35. Qxc5 Ne3+ 36. Bxe3 dxe3 37. Rd8+ Kh7 38. Qd4 e2+ 39. Ke1
f2+ 40. Qxf2 Qxf2+ 0-1

[Event "V Open Capo d'Orso"]
[Site "Portomannu - Palau ITA"]
[Date "2013.06.02"]
[Round "2"]
[White "Ryzhkov, Vjacheslav"]
[Black "Deruda, Leonardo"]
[WhiteElo "2147"]
[BlackElo "1892"]
[Result "1-0"]
[PlyCount "51"]
[EventDate "2013.06.01"]

1. e4 c5 2. c3 Nf6 3. e5 Nd5 4. d4 cxd4 5. cxd4 Nc6 6. Nc3 Nxc3 7. bxc3 d6 8.
Nf3 dxe5 9. d5 e4 10. Ng5 Ne5 11. Qa4+ Bd7 12. Qxe4 h6 13. Ne6 fxe6 14. dxe6
Bc6 15. Qxe5 Qd5 16. Qxd5 Bxd5 17. Bb5+ Kd8 18. Bd7 g5 19. O-O Kc7 20. c4 Bg7
21. Ba3 Bxa1 22. cxd5 Bf6 23. Rc1+ Kd8 24. d6 exd6 25. Bxd6 Be7 26. Bc7# 1-0

[Event "V Open Capo d'Orso"]
[Site "Portomannu - Palau ITA"]
[Date "2013.06.02"]
[Round "2"]
[White "Simoncini, Francesco"]
[Black "Rowson, Jonathan"]
[WhiteElo "2020"]
[BlackElo "2574"]
[Result "0-1"]
[PlyCount "138"]
[EventDate "2013.06.01"]

1. e4 c5 2. d4 cxd4 3. c3 dxc3 4. Nxc3 Nc6 5. Nf3 d6 6. Bc4 a6 7. O-O Nf6 8.
Bf4 Bg4 9. h3 Bxf3 10. Qxf3 e6 11. Rfd1 Qb8 12. Rac1 Be7 13. Qd3 Ne5 14. Bxe5
dxe5 15. Qe2 O-O 16. f4 b5 17. Bb3 Bc5+ 18. Kh1 Bd4 19. g4 Bxc3 20. g5 Ne8 21.
Rxc3 exf4 22. e5 g6 23. Qe4 Ng7 24. Qxf4 Nh5 25. Qe3 Qb7+ 26. Qf3 Qe7 27. h4
Qb4 28. Qf2 Qe4+ 29. Rf3 Rad8 30. Re1 Qb4 31. a3 Qg4 32. Rf1 Rd4 33. Bxe6 Qxh4+
34. Qxh4 Rxh4+ 35. Kg2 Rf4 36. Rxf4 Nxf4+ 37. Rxf4 fxe6 38. Rf6 a5 39. Kg3 Re8
40. Kf4 Kg7 41. Kg4 a4 42. Kf4 h5 43. gxh6+ Kxh6 44. Kg4 Re7 45. Kh4 Rc7 46.
Rxe6 Rc4+ 47. Kg3 Rc2 48. Rb6 Rxb2 49. e6 Kg7 50. Rb7+ Kf6 51. e7 Kf7 52. Kf4
Rb3 53. Kg5 Rg3+ 54. Kf4 Rxa3 55. Rxb5 Kxe7 56. Re5+ Kf6 57. Re4 Ra1 58. Kg3 a3
59. Kg2 Rb1 60. Ra4 Rb3 61. Ra5 g5 62. Kf2 Kg6 63. Kg2 Kh5 64. Ra4 Rc3 65. Kh2
g4 66. Ra5+ Kh4 67. Ra4 Rc2+ 68. Kg1 a2 69. Ra3 Rc1+ 0-1

[Event "V Open Capo d'Orso"]
[Site "Portomannu - Palau ITA"]
[Date "2013.06.02"]
[Round "2"]
[White "Tischbierek, Raj"]
[Black "Kyas, Juergen"]
[WhiteElo "2426"]
[BlackElo "2198"]
[Result "1-0"]
[PlyCount "79"]
[EventDate "2013.06.01"]

1. Nf3 c5 2. b3 Nf6 3. Bb2 g6 4. Bxf6 exf6 5. c4 Bg7 6. Nc3 f5 7. g3 b6 8. Bg2
Bb7 9. O-O Nc6 10. e3 O-O 11. d4 Ne7 12. Rc1 cxd4 13. exd4 d5 14. c5 Nc6 15.
Nb5 Ba6 16. a4 Re8 17. Qd2 Re4 18. b4 bxc5 19. bxc5 Rb8 20. Rb1 Qd7 21. Rfc1 f4
22. Ne5 Nxe5 23. dxe5 Rxe5 24. c6 Qe7 25. c7 Rc8 26. Bh3 f5 27. Nxa7 Rxc7 28.
Nc6 Rxc6 29. Rxc6 Bc4 30. Bf1 fxg3 31. hxg3 Bxf1 32. Rc8+ Kf7 33. Kxf1 Qd7 34.
Rcb8 Re7 35. R8b7 Qc6 36. Rxe7+ Kxe7 37. Qe2+ Kf7 38. Qb5 Qd6 39. Qb7+ Kg8 40.
Qb8+ 1-0

[Event "V Open Capo d'Orso"]
[Site "Portomannu - Palau ITA"]
[Date "2013.06.02"]
[Round "2"]
[White "Vallifuoco, Giovanni"]
[Black "Tommasini, Enzo"]
[WhiteElo "2177"]
[BlackElo "2161"]
[Result "0-1"]
[PlyCount "80"]
[EventDate "2013.06.01"]

1. d4 e6 2. Nf3 d5 3. e3 Nf6 4. Bd3 c5 5. b3 Nc6 6. Bb2 Bd6 7. Nbd2 Qe7 8. Ne5
cxd4 9. exd4 Ba3 10. Bxa3 Qxa3 11. c3 Bd7 12. O-O Rc8 13. Re1 Qb2 14. Rc1 Qxa2
15. Rc2 Qa5 16. Re3 Qc7 17. Ng4 Qf4 18. Nxf6+ Qxf6 19. Qh5 Kf8 20. Rf3 Qe7 21.
Nf1 f5 22. Re2 g6 23. Qh3 Qf6 24. g4 Kg7 25. Rg3 h6 26. gxf5 exf5 27. Ne3 Ne7
28. Ng2 Qd6 29. Nh4 Rc6 30. Qg2 Re8 31. Bb5 Rb6 32. Bxd7 Qxd7 33. Rxe7+ Rxe7
34. Rxg6+ Kh7 35. Qg3 Qe8 36. Rxb6 axb6 37. Qf3 Re1+ 38. Kg2 Qe4 39. Kg3 Rg1+
40. Ng2 f4+ 0-1

[Event "V Open Capo d'Orso"]
[Site "Portomannu - Palau ITA"]
[Date "2013.06.03"]
[Round "3"]
[White "Esposito, Luca"]
[Black "Graziani, Sergio"]
[WhiteElo "2297"]
[BlackElo "1906"]
[Result "1-0"]
[PlyCount "61"]
[EventDate "2013.06.01"]

1. d4 Nf6 2. c4 c5 3. d5 e5 4. Nc3 d6 5. g3 Be7 6. Bg2 O-O 7. e4 Ne8 8. Nge2 f5
9. O-O Bf6 10. Be3 g6 11. f4 Ng7 12. Qd2 a6 13. fxe5 Bxe5 14. Bg5 Qe8 15. Rae1
b5 16. exf5 Bxf5 17. Nf4 Ra7 18. Ne4 Qc8 19. Ne6 Nxe6 20. dxe6 Bd4+ 21. Be3
Bxe3+ 22. Rxe3 Bxe6 23. Nxd6 Rxf1+ 24. Kxf1 Bxc4+ 25. Nxc4 bxc4 26. Bd5+ Kg7
27. Qc3+ Kh6 28. g4 Qf8+ 29. Rf3 Qd6 30. g5+ Kxg5 31. Qe3+ 1-0

[Event "V Open Capo d'Orso"]
[Site "Portomannu - Palau ITA"]
[Date "2013.06.03"]
[Round "3"]
[White "Grinblat, Artemiy"]
[Black "L'Ami, Alina"]
[WhiteElo "2004"]
[BlackElo "2345"]
[Result "0-1"]
[PlyCount "64"]
[EventDate "2013.06.01"]

1. e4 c5 2. c3 Nf6 3. e5 Nd5 4. d4 cxd4 5. cxd4 Nc6 6. Nc3 Nxc3 7. bxc3 d5 8.
Bd3 g6 9. h4 Bf5 10. Ne2 Qd7 11. Bxf5 Qxf5 12. Nf4 Qd7 13. Qf3 O-O-O 14. Nd3
Qf5 15. Qe2 b6 16. O-O h5 17. Be3 Bh6 18. Rab1 Kd7 19. Bxh6 Rxh6 20. f3 Ke8 21.
Rbe1 Kf8 22. g4 Qc8 23. e6 f6 24. g5 Rh7 25. gxf6 exf6 26. Nf4 Ne7 27. Qd3 Qc7
28. Qd2 Rg7 29. Kf2 g5 30. Nxh5 Rh7 31. Nxf6 Qh2+ 32. Ke3 Qf4+ 0-1

[Event "V Open Capo d'Orso"]
[Site "Portomannu - Palau ITA"]
[Date "2013.06.03"]
[Round "3"]
[White "Hoenick, Andreas"]
[Black "Zangrando, Gianpietro"]
[WhiteElo "2152"]
[BlackElo "1775"]
[Result "1-0"]
[PlyCount "79"]
[EventDate "2013.06.01"]

1. d4 e6 2. c4 d5 3. Nf3 c6 4. Qc2 f5 5. Bf4 Nf6 6. e3 Ne4 7. Bd3 Na6 8. O-O
Nb4 9. Qb3 Nxd3 10. Qxd3 Be7 11. h3 O-O 12. Ne5 Bh4 13. Nd2 Ng5 14. b4 a6 15.
a4 Bd7 16. Nb3 b6 17. c5 b5 18. axb5 cxb5 19. c6 Bc8 20. Nc5 Ne4 21. Nxe4 fxe4
22. Qb3 Be7 23. f3 exf3 24. Nxf3 Bd6 25. Bxd6 Qxd6 26. Ne5 Rf5 27. Qc3 Ra7 28.
Rac1 Rc7 29. Qa3 Rf6 30. Qb2 Rf5 31. Rf2 g6 32. Rcf1 Re7 33. g4 Rxf2 34. Qxf2
Rc7 35. Qf6 Qe7 36. g5 Ra7 37. Qf4 Rc7 38. Ng4 Rxc6 39. Nh6+ Kg7 40. Qe5+ 1-0